Biblioteca y Centro de Documentación

Economie et humanisme (Registro nro. 25360)

Detalles MARC
000 -CABECERA
Longitud fija campo de control 01163nas a2200349 c 4500
001 - NÚMERO DE CONTROL
Número de control 25360
003 - IDENTIFICADOR DE NÚMERO DE CONTROL
Identificador del número de control ES-MaCES
005 - FECHA Y HORA DE LA ÚLTIMA TRANSACCIÓN
Fecha y hora de la última transacción 20250404092933.0
007 - PHYSICAL DESCRIPTION FIXED FIELD--GENERAL INFORMAT
Campo fijo de descripción física cr |||||||||||
008 - CAMPO FIJO DE DESCRIPCIÓN FIJA--INFORMACIÓN GENERAL
Códigos de información de longitud fija   940513d19002007fr q| | |fre d
022 1# - ISSN (INTERNATIONAL STANDARD SERIAL NUMBER)
Número Internacional Normalizado para Publicaciones Seriadas 0245-9132
035 ## - NÚMERO DE CONTROL DEL SISTEMA
Número de control del sistema CES19980003418p
Número de control cancelado;no válido 10349
040 ## - FUENTE DE CATALOGACIÓN
Centro catalogador de origen ES-MaCES
Lengua de catalogación spa
Centro transcriptor ES-MaCES
245 00 - MENCIÓN DE TÍTULO
Título Economie et humanisme
260 ## - PUBLICACIÓN, DISTRIBUCIÓN, ETC (PIE DE IMPRENTA)
Lugar de publicación, distribución, etc. Lyon (Antoine Dumont, 14, 69372, Cedex 08)
Nombre del editor, distribuidor, etc. Economie et humanisme
Fecha de publicación, distribución, etc. -2007
300 ## - DESCRIPCIÓN FÍSICA
Extensión v.
Dimensiones 22 cm
310 ## - PERIODICIDAD ACTUAL DE LA PUBLICACIÓN
Periodicidad actual Trimestral
500 ## - NOTA GENERAL
Nota general Descripción basada en: nº 328 (mars 1994)
500 ## - NOTA GENERAL
Nota general Tít. tomado de la cub
541 ## - NOTA DE LA FUENTE INMEDIANTE DE ADQUISICIÓN
Forma de adquisición Compra
592 ## - CES. NOTA ESTADO DE LA PUBLICACIÓN
Estado publicación Cerrada
650 #4 - ASIENTO SECUNDARIO DE MATERIA--TÉRMINO DE MATERIA
Término de materia o nombre geográfico como elemento inicial sociedad
9 (RLIN) 27269
650 #4 - ASIENTO SECUNDARIO DE MATERIA--TÉRMINO DE MATERIA
Término de materia o nombre geográfico como elemento inicial ciencias sociales
9 (RLIN) 27256
653 10 - TÉRMINO DE INDEXACIÓN--NO CONTROLADO
Término no controlado Ciencias Sociales-Políticas
710 2# - ENCABEZAMIENTO SECUNDARIO--NOMBRE CORPORATIVO
Nombre de entidad o nombre de jurisdicción como elemento inicial Economie et humanisme
Término indicativo de función ed.
9 (RLIN) 2630
853 21 - LEYENDAS Y PATRÓN--UNIDAD BIBLIOGRÁFICA BÁSICA
Segundo nivel de enumeración
Primer nivel de cronología año
Segundo nivel de cronología mes
Continuidad en la numeración c
Frecuencia q
856 4# - ACCESO ELECTRÓNICO
Identificador Uniforme del Recurso (URI) <a href="http://www.revue-economie-et-humanisme.eu/bdf/index.html">http://www.revue-economie-et-humanisme.eu/bdf/index.html</a>
Texto del enlace texto completo desde n. 310 (1989) hasta n, 382 (2007)
866 #0 - FUENTES TEXTUALES--UNIDAD BIBLIOGRÁFICA BÁSICA
Holdings textuales (1994) 1995-1997 (1998) 1999-2007.
Nota pública Ubicación: DEPÓSITO - 10349
905 ## - CES. DATOS REVISTA
Boletín de sumarios (Sirtex 591$a) Boletín D
Proceso +
942 ## - ELEMENTOS KOHA
Fuente de clasificaión o esquema Clasificación propia del CES
Koha [por defecto] tipo de item Periódicas
Parte de clasificación 7.0.
Existencias
Número de registro Signatura completa Tipo de item de Koha
004545 10349 Periódicas
005712 10349 Periódicas
007196 10349 Periódicas
007862 10349 Periódicas
009328 10349 Periódicas
011008 10349 Periódicas
011917 10349 Periódicas
012856 10349 Periódicas
013511 10349 Periódicas
014976 10349 Periódicas
017328 10349 Periódicas
018106 10349 Periódicas
020653 10349 Periódicas
026191 10349 Periódicas
026190 10349 Periódicas
026189 10349 Periódicas
026188 10349 Periódicas
032428 10349 Periódicas
032429 10349 Periódicas
032716 10349 Periódicas
033212 10349 Periódicas
034288 10349 Periódicas
036043 10349 Periódicas
037391 10349 Periódicas
039335 10349 Periódicas
039897 10349 Periódicas
041795 10349 Periódicas
043622 10349 Periódicas
045273 10349 Periódicas
045796 10349 Periódicas
047084 10349 Periódicas
048206 10349 Periódicas
049586 10349 Periódicas
050606 10349 Periódicas
051761 10349 Periódicas
053061 10349 Periódicas
054372 10349 Periódicas
055090 10349 Periódicas
056465 10349 Periódicas
057873 10349 Periódicas
058642 10349 Periódicas
059224 10349 Periódicas
060258 10349 Periódicas
061358 10349 Periódicas
062445 10349 Periódicas
063269 10349 Periódicas
064218 10349 Periódicas
065088 10349 Periódicas
066131 10349 Periódicas
066745 10349 Periódicas
067708 10349 Periódicas
068580 10349 Periódicas
069957 10349 Periódicas
© CES, Consejo Económico y Social de España 2021